| 000 | 00384nam a22001217a 4500 | ||
|---|---|---|---|
| 082 | _aTHE 200 | ||
| 100 |
_aHINA AFTAB, _972866 |
||
| 245 | _aTH-SOF-0613-ESTIMATION OF GREY TRAFFIC AND RATIONALIZATION OF MEASURES TO CURB ILLEGAL INTERNATIONAL | ||
| 260 |
_aNUST COLLEGE OF EME _bISLAMABAD _c2018 |
||
| 650 | _a MS-EM-3 MSTHESIS | ||
| 700 | _aDR MUHAMMAD ABBAS CHOUDHARY | ||
| 942 | _cCF | ||
| 999 |
_c578839 _d578839 |
||